Formule 1 - Pilotes de 2025 par photo - Statistiques

Statistiques générales
  • Ce quiz a été pris 224 fois
  • Le résultat moyen est 19 sur 21
Statistiques - réponses
Par images Réponse % Correct
Charles Leclerc
100%
Lewis Hamilton
99%
Isack Hadjar
98%
Max Verstappen
98%
Lando Norris
97%
Oscar Piastri
97%
Pierre Gasly
97%
Carlos Sainz
96%
George Russell
96%
Yuki Tsunoda
96%
Esteban Ocon
95%
Fernando Alonso
95%
Lance Stroll
94%
Alex Albon
93%
Kimi Antonelli
92%
Nico Hulkenberg
90%
Ollie Bearman
88%
Liam Lawson
86%
Gabriel Bortoleto
85%
Franco Colapinto
83%
Jack Doohan
73%
Aucun quiz correspondant
Distribution des résultats
% des personnes avec chaque résultat
Percentile par nombre de réponses
Votre historique - résultats
Vous n’avez pas pris ce quiz